| 000 | 00866nam a22002537a 4500 | ||
|---|---|---|---|
| 005 | 20170123162316.0 | ||
| 010 | _aA-213207 | ||
| 020 | _c4.00 | ||
| 035 | _aA-213207 | ||
| 037 | _bCen Lib/Ret | ||
| 040 |
_aDPL _bUR |
||
| 082 |
_a841.08 _bن ز ی |
||
| 100 |
_aنقوی، نورل حسن _9878 |
||
| 245 |
_aنذیر احمد / _cنورل حسن نقوی |
||
| 246 |
_aNazir Ahmad / _bby Noorul Hasan Naqvi |
||
| 260 |
_aنیی دہلی _bساہتیہ اکادمی _c1984 |
||
| 270 |
_bنیی دہلی _e110001 _aرویندر بھون ٣٥، فیروز شاہ مارگ |
||
| 300 |
_a84p. _c21cm(Hb) |
||
| 650 |
_a ادب - اردو _9114587 |
||
| 650 |
_a اردو مونوگراف - نذیر _9114588 |
||
| 650 |
_aLiterature -- Urdu _9114589 |
||
| 650 |
_aUrdu monograph -- Nazir _9114590 |
||
| 942 |
_2ddc _cUR _h841.08 _mن ز ی |
||
| 999 |
_c106732 _d106732 |
||